[Event "2. BUNDESLIGA MITTE"]
[Site "Steyregg, Fuerstenfeld/Sauwald/Villach, St. Veit/Glan, Graz"]
[Date "2015.11.15"]
[Round "5"]
[Board "1"]
[White "Tratar, Marko"]
[Black "Jovanovic, Zoran"]
[Result "1/2-1/2"]
[WhiteElo "2472"]
[BlackElo "2528"]
[PlyCount "60"]
[EventDate "2015.10.02"]
[EventType "team"]
[EventRounds "11"]
[EventCountry "AUT"]
[WhiteTeam "SC MPOE Maria Saal 2"]
[BlackTeam "SV Wolfsberg"]

1. Nf3 d6 2. d4 g6 3. c4 Bg7 4. e4 Bg4 5. Be2 Bxf3 6. Bxf3 Nc6 7. Be3 e5 8. d5
Nd4 9. Bxd4 exd4 10. Nd2 Nf6 11. O-O O-O 12. g3 Nd7 13. Bg2 c6 14. Nf3 Ne5 15.
Nxe5 Bxe5 16. Qd3 Qb6 17. b3 cxd5 18. exd5 Rfe8 19. Rfe1 Bf6 20. Qd2 a5 21. Bf1
Qb4 22. Qxb4 axb4 23. Rxe8+ Rxe8 24. a4 b6 25. Bd3 Bd8 26. Kf1 f5 27. Re1 Rxe1+
28. Kxe1 Kf7 29. f4 h5 30. h4 Bf6 1/2-1/2

[Event "2. BUNDESLIGA MITTE"]
[Site "Steyregg, Fuerstenfeld/Sauwald/Villach, St. Veit/Glan, Graz"]
[Date "2015.11.15"]
[Round "5"]
[Board "3"]
[White "Tomazini, Zan"]
[Black "Hresc, Vladimir"]
[Result "1-0"]
[WhiteElo "2428"]
[BlackElo "2354"]
[PlyCount "115"]
[EventDate "2015.10.02"]
[EventType "team"]
[EventRounds "11"]
[EventCountry "AUT"]
[WhiteTeam "SC MPOE Maria Saal 2"]
[BlackTeam "SV Wolfsberg"]

1. e4 e5 2. Nf3 Nc6 3. d4 exd4 4. Nxd4 Nf6 5. Nxc6 bxc6 6. e5 Nd5 7. c4 Bb4+ 8.
Bd2 Bxd2+ 9. Qxd2 Ne7 10. Bd3 d5 11. exd6 cxd6 12. Nc3 O-O 13. O-O Be6 14. Rad1
Qc7 15. Qf4 Rad8 16. Rfe1 Rfe8 17. c5 Nd5 18. Nxd5 cxd5 19. Rc1 Qc6 20. cxd6
Qxd6 21. Qxd6 Rxd6 22. Rc7 Ra8 23. f4 g6 24. b4 d4 25. a3 a5 26. b5 a4 27. Kf2
Rb8 28. Re5 Kg7 29. Ke2 Kf6 30. Ra7 Bb3 31. Ra6 Rbb6 32. Kd2 h5 33. g3 Re6 34.
Rxe6+ Rxe6 35. b6 Bd5 36. Rxa4 Rxb6 37. Rxd4 Be6 38. Rb4 Rd6 39. Kc3 Rc6+ 40.
Kd4 Rd6+ 41. Ke3 Rc6 42. a4 Rc3 43. Rb6 Ra3 44. Ra6 Ke7 45. Kd4 Ra2 46. Kc5
Rxh2 47. a5 Rg2 48. Rxe6+ fxe6 49. a6 Ra2 50. Kb6 e5 51. fxe5 g5 52. Bc4 Rb2+
53. Kc5 Rb8 54. Bd5 Rc8+ 55. Kd4 Rc7 56. Bb7 Ke6 57. a7 Rxb7 58. a8=Q 1-0

[Event "2. BUNDESLIGA MITTE"]
[Site "Steyregg, Fuerstenfeld/Sauwald/Villach, St. Veit/Glan, Graz"]
[Date "2015.11.15"]
[Round "5"]
[Board "4"]
[White "Stagl, Marco"]
[Black "Tomazini, Aljosa"]
[Result "0-1"]
[WhiteElo "2057"]
[BlackElo "2335"]
[PlyCount "82"]
[EventDate "2015.10.02"]
[EventType "team"]
[EventRounds "11"]
[EventCountry "AUT"]
[WhiteTeam "SV Wolfsberg"]
[BlackTeam "SC MPOE Maria Saal 2"]

1. Nf3 Nf6 2. g3 d5 3. Bg2 b5 4. d4 Bb7 5. a4 b4 6. Nbd2 a5 7. O-O e6 8. Re1 c5
9. Ne5 cxd4 10. Nb3 Bd6 11. Qxd4 Qc7 12. Ng4 Nbd7 13. Bh6 gxh6 14. Nxf6+ Nxf6
15. Qxf6 Be5 16. Qh4 Bxb2 17. Rab1 Bg7 18. e4 dxe4 19. Bxe4 Bxe4 20. Qxe4 O-O
21. Rbd1 Rfc8 22. Re2 Bf6 23. Red2 Qe5 24. Qb7 Rab8 25. Qa7 Qc7 26. Qe3 Bg5 27.
f4 Bf6 28. Qf3 Qb6+ 29. Kg2 Qb7 30. Nxa5 Qxf3+ 31. Kxf3 Ra8 32. Nb3 Rxa4 33.
Re2 Ra2 34. Rdd2 h5 35. h4 Rc3+ 36. Kg2 Kg7 37. Nc1 Raa3 38. Rd3 Kg6 39. Kf3 b3
40. Rxc3 b2 41. Rxa3 bxc1=Q 0-1

[Event "2. BUNDESLIGA MITTE"]
[Site "Steyregg, Fuerstenfeld/Sauwald/Villach, St. Veit/Glan, Graz"]
[Date "2015.11.15"]
[Round "5"]
[Board "5"]
[White "Rieger, Robert"]
[Black "Schoenangerer, Herbert"]
[Result "1-0"]
[WhiteElo "2297"]
[BlackElo "2047"]
[PlyCount "105"]
[EventDate "2015.10.02"]
[EventType "team"]
[EventRounds "11"]
[EventCountry "AUT"]
[WhiteTeam "SC MPOE Maria Saal 2"]
[BlackTeam "SV Wolfsberg"]

1. e4 e6 2. d4 d5 3. Nc3 dxe4 4. Nxe4 Bd7 5. Nf3 Bc6 6. Bd3 Nd7 7. Qe2 Ngf6 8.
Ng3 Be7 9. Bd2 O-O 10. O-O-O Bxf3 11. Qxf3 c5 12. Be3 Qa5 13. Kb1 b5 14. dxc5
Nxc5 15. Be2 Rac8 16. Bd4 Rfd8 17. Nh5 Nxh5 18. Qxh5 Rd5 19. Qg4 Rg5 20. Qh3
Rd5 21. Bf3 Rdd8 22. Qg3 f6 23. Qg4 Qa6 24. h4 e5 25. Be3 Kh8 26. h5 h6 27. Bd5
Rb8 28. Qg6 f5 29. Qxf5 Rf8 30. Qg4 Na4 31. Bb3 Nc5 32. Bd5 Rbc8 33. Rh3 Rcd8
34. Rg3 Qf6 35. Rf3 Qa6 36. Rg3 Qf6 37. Rf3 Qa6 38. Rxf8+ Rxf8 39. Qe2 Qa4 40.
Bc6 a6 41. Rd5 Qh4 42. Rxe5 Qh1+ 43. Bc1 Bg5 44. Qe1 Qxe1 45. Rxe1 Rxf2 46.
Bxg5 hxg5 47. Re8+ Kh7 48. b4 Rf1+ 49. Kb2 Na4+ 50. Ka3 g4 51. Re6 Rf2 52. Be4+
Kg8 53. Re8+ 1-0

[Event "2. BUNDESLIGA MITTE"]
[Site "Steyregg, Fuerstenfeld/Sauwald/Villach, St. Veit/Glan, Graz"]
[Date "2015.11.15"]
[Round "5"]
[Board "6"]
[White "Pressl, Harald"]
[Black "Ertl, Johann"]
[Result "0-1"]
[WhiteElo "1879"]
[BlackElo "2303"]
[PlyCount "90"]
[EventDate "2015.10.02"]
[EventType "team"]
[EventRounds "11"]
[EventCountry "AUT"]
[WhiteTeam "SV Wolfsberg"]
[BlackTeam "SC MPOE Maria Saal 2"]

1. c4 g6 2. g3 Bg7 3. Bg2 e5 4. Nc3 Nc6 5. e3 d6 6. Nge2 Bg4 7. h3 Be6 8. Nd5
Qd7 9. O-O Nce7 10. Kh2 c6 11. Nxe7 Nxe7 12. d3 O-O 13. Rb1 d5 14. b3 Rad8 15.
Ba3 Rfe8 16. c5 b5 17. Bb4 h5 18. Ng1 f6 19. Rb2 Nf5 20. a4 Rb8 21. a5 a6 22.
Qe1 Qc7 23. Bd2 Kf7 24. b4 Rbd8 25. Bc1 Ke7 26. d4 e4 27. Ne2 Kd7 28. Kg1 Kc8
29. Nf4 Bf7 30. h4 g5 31. Bh3 Qd7 32. Bxf5 Qxf5 33. Ng2 Be6 34. Qd1 Qh3 35. Qe1
Qg4 36. Qe2 Qf3 37. Qxf3 exf3 38. Ne1 Bg4 39. hxg5 h4 40. Kh2 Rh8 41. Nd3 Bf5
42. Ne1 hxg3+ 43. Kxg3 Rh3+ 44. Kf4 Be4 45. Rg1 f5 0-1

[Event "2. BUNDESLIGA MITTE"]
[Site "Steyregg, Fuerstenfeld/Sauwald/Villach, St. Veit/Glan, Graz"]
[Date "2015.11.15"]
[Round "5"]
[Board "1"]
[White "Frank, Paul"]
[Black "Kociscak, Jiri"]
[Result "0-1"]
[WhiteElo "2167"]
[BlackElo "2454"]
[PlyCount "110"]
[EventDate "2015.10.02"]
[EventType "team"]
[EventRounds "11"]
[EventCountry "AUT"]
[WhiteTeam "ESV Admira Villach"]
[BlackTeam "SV Steyregg"]

1. Nf3 Nf6 2. g3 c5 3. Bg2 d5 4. d4 cxd4 5. O-O g6 6. Nxd4 Bg7 7. Nc3 O-O 8.
Nb3 e6 9. e4 dxe4 10. Nxe4 Nxe4 11. Bxe4 Qc7 12. Qe2 Nc6 13. c3 e5 14. Rd1 Bh3
15. Bh1 Rad8 16. Bg5 Rxd1+ 17. Rxd1 Qc8 18. Nc5 h6 19. Bc1 b6 20. Ne4 Be6 21.
b3 Bg4 22. Bf3 Bxf3 23. Qxf3 f5 24. Nd6 e4 25. Qe2 Qe6 26. Qc4 Qxc4 27. Nxc4
Rd8 28. Rxd8+ Nxd8 29. Nd6 Nc6 30. c4 Be5 31. Nb5 g5 32. Bd2 Kf7 33. Kg2 Ke6
34. Nc3 Nd4 35. Nd5 b5 36. Bb4 bxc4 37. bxc4 f4 38. gxf4 gxf4 39. h3 Nc6 40.
Bc5 Kf5 41. Ne7+ Nxe7 42. Bxe7 f3+ 43. Kf1 Bd4 44. Ke1 Ke6 45. Bb4 Kd7 46. Kf1
Kc6 47. Ke1 h5 48. Kf1 Kb6 49. Ke1 a6 50. Kf1 Bc5 51. Bc3 Be7 52. Bd4+ Ka5 53.
Bc3+ Ka4 54. Ke1 Bb4 55. Kd2 Bxc3+ 0-1

[Event "2. BUNDESLIGA MITTE"]
[Site "Steyregg, Fuerstenfeld/Sauwald/Villach, St. Veit/Glan, Graz"]
[Date "2015.11.15"]
[Round "5"]
[Board "2"]
[White "Velicka, Petr"]
[Black "Genser, Harald"]
[Result "1/2-1/2"]
[WhiteElo "2432"]
[BlackElo "2318"]
[PlyCount "122"]
[EventDate "2015.10.02"]
[EventType "team"]
[EventRounds "11"]
[EventCountry "AUT"]
[WhiteTeam "SV Steyregg"]
[BlackTeam "ESV Admira Villach"]

1. e4 e6 2. d4 d5 3. Nd2 c5 4. exd5 Qxd5 5. Ngf3 cxd4 6. Bc4 Qd6 7. O-O Nf6 8.
Nb3 Nc6 9. Nbxd4 Nxd4 10. Nxd4 a6 11. Bb3 Qc7 12. Qf3 Bd6 13. h3 O-O 14. Bg5
Nd7 15. c3 Ne5 16. Qe2 Ng6 17. Bc2 Bh2+ 18. Kh1 Bf4 19. Nf3 Bd7 20. Bxg6 hxg6
21. Bxf4 Qxf4 22. Ne5 Rfd8 23. Rfd1 Be8 24. Kg1 Rac8 25. Rac1 Qf6 26. Qe3 Qe7
27. f4 Rd6 28. Nf3 Rcd8 29. Rxd6 Qxd6 30. Nd4 Bc6 31. a3 b5 32. Re1 Qd5 33. Re2
Bb7 34. Rd2 Qc5 35. Kh2 Rd5 36. Qg3 Qd6 37. Rd3 Qd8 38. Qf2 g5 39. Rg3 Qf6 40.
Rg4 e5 41. Nf3 exf4 42. Qa7 Bc8 43. Qb8 Rd8 44. Rxg5 Bxh3 45. Qe5 Qxe5 46. Rxe5
Be6 47. Re4 Rd1 48. Rxf4 Bd5 49. Kg3 Bxf3 50. gxf3 f6 51. c4 bxc4 52. Rxc4 Rd6
53. b4 Kf7 54. Rc7+ Kg6 55. Rb7 a5 56. bxa5 Rd3 57. a6 Rxa3 58. a7 f5 59. Kh4
Ra4+ 60. Kh3 Ra3 61. Kg3 Kf6 1/2-1/2

[Event "2. BUNDESLIGA MITTE"]
[Site "Steyregg, Fuerstenfeld/Sauwald/Villach, St. Veit/Glan, Graz"]
[Date "2015.11.15"]
[Round "5"]
[Board "3"]
[White "Riemelmoser, Franz"]
[Black "Enoeckl, Philipp"]
[Result "1-0"]
[WhiteElo "2331"]
[BlackElo "2362"]
[PlyCount "83"]
[EventDate "2015.10.02"]
[EventType "team"]
[EventRounds "11"]
[EventCountry "AUT"]
[WhiteTeam "ESV Admira Villach"]
[BlackTeam "SV Steyregg"]

1. c4 g6 2. g3 Bg7 3. Bg2 d6 4. Nc3 Nf6 5. e4 c5 6. Nge2 Nc6 7. O-O O-O 8. d3
Bg4 9. h3 Bxe2 10. Nxe2 Ne8 11. Rb1 Nc7 12. a3 a5 13. f4 Rb8 14. Be3 Ne6 15. f5
Ned4 16. Nf4 b5 17. Nd5 e6 18. cxb5 Rxb5 19. Nc3 Rb3 20. e5 Bxe5 21. Bxc6 Qb6
22. Ba4 Rxb2 23. fxe6 fxe6 24. Rxf8+ Kxf8 25. Qf1+ Kg7 26. Rxb2 Qxb2 27. Ne4
Ne2+ 28. Kh1 Nxg3+ 29. Nxg3 Bxg3 30. Qg2 Be5 31. Qxb2 Bxb2 32. Bb3 Bxa3 33.
Bxe6 Kf6 34. Bb3 Ke5 35. Kg2 d5 36. Kf3 Bb2 37. Bxc5 Bc3 38. Ke3 Bb2 39. d4+
Ke6 40. Kd3 g5 41. Bd1 Kd7 42. Bb3 1-0

[Event "2. BUNDESLIGA MITTE"]
[Site "Steyregg, Fuerstenfeld/Sauwald/Villach, St. Veit/Glan, Graz"]
[Date "2015.11.15"]
[Round "5"]
[Board "5"]
[White "Hafner, Robert"]
[Black "Wiesinger, Robert"]
[Result "0-1"]
[WhiteElo "2004"]
[BlackElo "2176"]
[PlyCount "90"]
[EventDate "2015.10.02"]
[EventType "team"]
[EventRounds "11"]
[EventCountry "AUT"]
[WhiteTeam "ESV Admira Villach"]
[BlackTeam "SV Steyregg"]

1. d4 d5 2. c4 dxc4 3. Nf3 Nf6 4. e3 Bg4 5. Bxc4 e6 6. O-O Nc6 7. Be2 Bd6 8.
Nc3 O-O 9. h3 Bh5 10. b3 Qe7 11. Bb2 Rad8 12. Nd2 Bg6 13. Nc4 e5 14. dxe5 Bxe5
15. Qc1 Rfe8 16. Rd1 Rxd1+ 17. Qxd1 Rd8 18. Qc1 Ne4 19. Nxe5 Nxe5 20. Nxe4 Bxe4
21. Qc3 Qg5 22. Bf1 Nf3+ 23. Kh1 Rd2 24. Qxg7+ Qxg7 25. Bxg7 Kxg7 26. gxf3
Bxf3+ 27. Kg1 c5 28. Bg2 Bxg2 29. Kxg2 b6 30. Kf3 Kf6 31. Kg3 Ke5 32. Kf3 a5
33. h4 b5 34. a4 b4 35. Rc1 Kd6 36. Rc4 Rd3 37. Rf4 Ke6 38. Rc4 Kd6 39. Rf4
Rxb3 40. Rxf7 c4 41. Ke4 c3 42. Kd3 Rb2 43. Rf6+ Ke5 44. Rc6 Rxf2 45. Kc4 Ke4
 0-1

[Event "2. BUNDESLIGA MITTE"]
[Site "Steyregg, Fuerstenfeld/Sauwald/Villach, St. Veit/Glan, Graz"]
[Date "2015.11.15"]
[Round "5"]
[Board "6"]
[White "Leichtfried, Hans-Martin"]
[Black "Kainz, Josef"]
[Result "1-0"]
[WhiteElo "2062"]
[BlackElo "1905"]
[PlyCount "105"]
[EventDate "2015.10.02"]
[EventType "team"]
[EventRounds "11"]
[EventCountry "AUT"]
[WhiteTeam "SV Steyregg"]
[BlackTeam "ESV Admira Villach"]

1. d4 Nf6 2. Nf3 g6 3. c4 Bg7 4. Nc3 d5 5. cxd5 Nxd5 6. e4 Nxc3 7. bxc3 c5 8.
Be3 O-O 9. h3 Nc6 10. Qd2 Qa5 11. Bc4 Rd8 12. Rd1 e6 13. O-O b5 14. Bd3 Ba6 15.
Qb2 Rab8 16. a3 cxd4 17. cxd4 b4 18. Bxa6 Qxa6 19. axb4 Rxb4 20. Qd2 Qb7 21.
Qc3 a5 22. Rd2 a4 23. Rfd1 Na5 24. Rc2 Rc4 25. Qxa5 Ra8 26. Qxa8+ Qxa8 27. Rxc4
h6 28. d5 exd5 29. exd5 a3 30. Rcc1 a2 31. Bd4 Bxd4 32. Nxd4 Qxd5 33. Nf3 Qb3
34. Nd2 Qb2 35. Ra1 Kg7 36. Nc4 Qb3 37. Rdc1 h5 38. Ne3 Qb2 39. Nd1 Qd2 40. Nc3
g5 41. Nxa2 h4 42. Nc3 f5 43. Kf1 g4 44. Ne2 Kf6 45. Rd1 Qb2 46. Ra6+ Kg5 47.
hxg4 Qb5 48. Rad6 Kxg4 49. f3+ Kg5 50. R1d4 Qb1+ 51. Kf2 h3 52. gxh3 Qh1 53.
h4+ 1-0

[Event "2. BUNDESLIGA MITTE"]
[Site "Steyregg, Fuerstenfeld/Sauwald/Villach, St. Veit/Glan, Graz"]
[Date "2015.11.15"]
[Round "5"]
[Board "1"]
[White "Kuba, Guenter"]
[Black "Freitag, Manfred"]
[Result "1/2-1/2"]
[WhiteElo "2361"]
[BlackElo "2378"]
[PlyCount "60"]
[EventDate "2015.10.02"]
[EventType "team"]
[EventRounds "11"]
[EventCountry "AUT"]
[WhiteTeam "SPG. Sparkasse Fuerstenfeld/Hartberg"]
[BlackTeam "ESV Austria Graz"]

1. e4 c6 2. d4 d5 3. Nd2 dxe4 4. Nxe4 Nf6 5. Nxf6+ gxf6 6. Nf3 Bf5 7. Bd3 Bg6
8. Bf4 e6 9. O-O Bg7 10. c3 O-O 11. Re1 Nd7 12. Nh4 Re8 13. Nxg6 hxg6 14. a4 e5
15. dxe5 Nxe5 16. Bxe5 fxe5 17. Qc2 Qc7 18. Bc4 Kf8 19. Re3 Bf6 20. Rd1 Rad8
21. Rxd8 Qxd8 22. Rd3 Qe7 23. Qd1 Rd8 24. Rxd8+ Qxd8 25. Qxd8+ Bxd8 26. Kf1 Ke7
27. Ke2 f5 28. f3 Kf6 29. Bb3 Bc7 30. Bc4 Bd8 1/2-1/2

[Event "2. BUNDESLIGA MITTE"]
[Site "Steyregg, Fuerstenfeld/Sauwald/Villach, St. Veit/Glan, Graz"]
[Date "2015.11.15"]
[Round "5"]
[Board "2"]
[White "Karner, Christoph"]
[Black "Pilaj, Herwig"]
[Result "1/2-1/2"]
[WhiteElo "2308"]
[BlackElo "2381"]
[PlyCount "115"]
[EventDate "2015.10.02"]
[EventType "team"]
[EventRounds "11"]
[EventCountry "AUT"]
[WhiteTeam "ESV Austria Graz"]
[BlackTeam "SPG. Sparkasse Fuerstenfeld/Hartberg"]

1. d4 Nf6 2. Nf3 g6 3. c4 Bg7 4. Nc3 d6 5. e4 O-O 6. Be2 c5 7. d5 e6 8. O-O Re8
9. h3 Na6 10. Bg5 exd5 11. exd5 Qb6 12. Qd2 Bf5 13. Nh4 Bd7 14. Bd3 Qb4 15. Bf4
Qb6 16. Rae1 Rxe1 17. Rxe1 Re8 18. Rxe8+ Nxe8 19. b3 Qb4 20. Ne4 f5 21. Ng5
Qxd2 22. Bxd2 Nac7 23. g3 Nf6 24. Bc3 Nh5 25. Bxg7 Kxg7 26. Ng2 h6 27. Nf3 g5
28. h4 Kf6 29. hxg5+ hxg5 30. Kf1 b5 31. Ke2 f4 32. gxf4 Nxf4+ 33. Nxf4 gxf4
34. Nd2 Bg4+ 35. f3 Bd7 36. Bh7 Ke5 37. Kd3 bxc4+ 38. bxc4 Na6 39. a3 Be8 40.
Nb3 Nb8 41. Na5 a6 42. Kc3 Nd7 43. Kb2 Nb8 44. Kc3 Nd7 45. Kd3 Nb6 46. Be4 Ba4
47. Bh7 Bd1 48. Be4 Ba4 49. Bh7 Bd1 50. Be4 Nd7 51. Kd2 Ba4 52. Kc3 Kf6 53. Nc6
Bd1 54. Kd2 Ba4 55. Nd8 Nf8 56. Nc6 Nd7 57. Nd8 Nf8 58. Nc6 1/2-1/2

[Event "2. BUNDESLIGA MITTE"]
[Site "Steyregg, Fuerstenfeld/Sauwald/Villach, St. Veit/Glan, Graz"]
[Date "2015.11.15"]
[Round "5"]
[Board "3"]
[White "Poetz, Florian"]
[Black "Kotz, Heinz Peter"]
[Result "1-0"]
[WhiteElo "2385"]
[BlackElo "2291"]
[PlyCount "103"]
[EventDate "2015.10.02"]
[EventType "team"]
[EventRounds "11"]
[EventCountry "AUT"]
[WhiteTeam "SPG. Sparkasse Fuerstenfeld/Hartberg"]
[BlackTeam "ESV Austria Graz"]

1. e4 e5 2. Nf3 Nc6 3. d4 exd4 4. Nxd4 Nf6 5. Nxc6 bxc6 6. Qe2 Be7 7. e5 Nd5 8.
Qg4 Kf8 9. c4 Nb4 10. Qd1 d6 11. a3 Na6 12. exd6 Bxd6 13. Be2 Qh4 14. Nd2 Bf5
15. b4 Re8 16. Nf3 Qxc4 17. Be3 Qc3+ 18. Kf1 Nb8 19. Bd4 Qc2 20. Qxc2 Bxc2 21.
Bxa7 Nd7 22. Bd4 Ba4 23. Rc1 Bb5 24. Bxb5 cxb5 25. Be3 Ra8 26. Nd4 Rxa3 27.
Nxb5 Ra8 28. Nxc7 Bxc7 29. Rxc7 Ke7 30. Ke2 Ke6 31. Rd1 Ra2+ 32. Kf1 Nf6 33.
Rc6+ Kf5 34. Rc5+ Ke6 35. Rc6+ Kf5 36. h3 Re8 37. g4+ Kg6 38. h4 h6 39. g5 hxg5
40. hxg5 Rxe3 41. fxe3 Kxg5 42. Rd4 Ng4 43. Re4 f5 44. Re7 g6 45. b5 Kh4 46. b6
Kg3 47. Ke1 Kf3 48. Rc3 Rb2 49. b7 g5 50. e4+ Ne3 51. Rxe3+ Kxe3 52. exf5+ 1-0

[Event "2. BUNDESLIGA MITTE"]
[Site "Steyregg, Fuerstenfeld/Sauwald/Villach, St. Veit/Glan, Graz"]
[Date "2015.11.15"]
[Round "5"]
[Board "4"]
[White "Aschenbrenner, Robert"]
[Black "Radnetter, Georg"]
[Result "1/2-1/2"]
[WhiteElo "2212"]
[BlackElo "2323"]
[PlyCount "65"]
[EventDate "2015.10.02"]
[EventType "team"]
[EventRounds "11"]
[EventCountry "AUT"]
[WhiteTeam "ESV Austria Graz"]
[BlackTeam "SPG. Sparkasse Fuerstenfeld/Hartberg"]

1. d4 e6 2. c4 Nf6 3. Nc3 Bb4 4. f3 d5 5. a3 Bxc3+ 6. bxc3 c5 7. cxd5 Nxd5 8.
dxc5 Qa5 9. e4 Nf6 10. Be3 O-O 11. Qb3 Nfd7 12. Bb5 Qc7 13. Qb4 Ne5 14. Rd1 Bd7
15. Ne2 b6 16. cxb6 axb6 17. O-O Bxb5 18. Qxb5 Nc4 19. Bf2 Ra5 20. Qb4 Na6 21.
Qb1 Nc5 22. Rd4 Nxa3 23. Qd1 Nb5 24. Bg3 Qc8 25. Rd2 Na4 26. Qb3 Naxc3 27. Nxc3
Qxc3 28. Rb2 Qxb3 29. Rxb3 Nd4 30. Rxb6 Ne2+ 31. Kh1 Nxg3+ 32. hxg3 Rc8 33. g4
 1/2-1/2

[Event "2. BUNDESLIGA MITTE"]
[Site "Steyregg, Fuerstenfeld/Sauwald/Villach, St. Veit/Glan, Graz"]
[Date "2015.11.15"]
[Round "5"]
[Board "5"]
[White "Postl, Anton"]
[Black "Schrittwieser, Herbert"]
[Result "1-0"]
[WhiteElo "2272"]
[BlackElo "2171"]
[PlyCount "105"]
[EventDate "2015.10.02"]
[EventType "team"]
[EventRounds "11"]
[EventCountry "AUT"]
[WhiteTeam "SPG. Sparkasse Fuerstenfeld/Hartberg"]
[BlackTeam "ESV Austria Graz"]

1. Nf3 Nf6 2. d4 e6 3. c4 Bb4+ 4. Bd2 Qe7 5. g3 O-O 6. Bg2 Nc6 7. O-O Bxd2 8.
Qxd2 d5 9. cxd5 exd5 10. Nc3 Rd8 11. Qf4 Ne4 12. Rfd1 Nxc3 13. bxc3 Be6 14. Ng5
Qd6 15. Qxd6 Rxd6 16. e4 h6 17. Nxe6 fxe6 18. Rab1 b6 19. Re1 Rad8 20. Bh3 Kf7
21. Re3 dxe4 22. Rxe4 Re8 23. Rbe1 Nd8 24. f4 Rd7 25. Bf1 Rde7 26. Bc4 Kf6 27.
g4 c6 28. h4 g6 29. Kg2 Kf7 30. Bb3 Kf6 31. Kg3 Kf7 32. Re5 Kf6 33. R5e2 Kf7
34. Rh1 Kf6 35. g5+ Kg7 36. h5 hxg5 37. h6+ Kh7 38. fxg5 Rf7 39. Rhe1 Rf5 40.
Re5 Rxe5 41. dxe5 Nf7 42. Kg4 Re7 43. Kf4 Nd8 44. Rd1 Nb7 45. Bxe6 Nc5 46. Bb3
a5 47. Rd8 a4 48. Bg8+ Kh8 49. e6 Nb7 50. Rb8 Nc5 51. Rc8 a3 52. Ke5 Ra7 53.
Kf6 1-0

[Event "2. BUNDESLIGA MITTE"]
[Site "Steyregg, Fuerstenfeld/Sauwald/Villach, St. Veit/Glan, Graz"]
[Date "2015.11.15"]
[Round "5"]
[Board "6"]
[White "Pfaffel, Thomas"]
[Black "Stradner, Stefan"]
[Result "1/2-1/2"]
[WhiteElo "2100"]
[BlackElo "2187"]
[PlyCount "48"]
[EventDate "2015.10.02"]
[EventType "team"]
[EventRounds "11"]
[EventCountry "AUT"]
[WhiteTeam "ESV Austria Graz"]
[BlackTeam "SPG. Sparkasse Fuerstenfeld/Hartberg"]

1. e4 e6 2. d4 d5 3. Nd2 Be7 4. Bd3 c5 5. dxc5 Nf6 6. Qe2 O-O 7. Ngf3 a5 8. O-O
Na6 9. e5 Nd7 10. c3 Naxc5 11. Bc2 b5 12. Nd4 Qc7 13. f4 b4 14. Rf3 f5 15. Rh3
Rf7 16. g4 Nf8 17. gxf5 exf5 18. Qg2 Ra6 19. Qxd5 Rg6+ 20. Rg3 Bb7 21. Qc4 Ba6
22. Qd5 Bb7 23. Qc4 Ba6 24. Qd5 Bb7 1/2-1/2

[Event "2. BUNDESLIGA MITTE"]
[Site "Steyregg, Fuerstenfeld/Sauwald/Villach, St. Veit/Glan, Graz"]
[Date "2015.11.15"]
[Round "5"]
[Board "1"]
[White "Huber, Martin Christian"]
[Black "Manhardt, Thomas"]
[Result "1/2-1/2"]
[WhiteElo "2390"]
[BlackElo "2237"]
[PlyCount "63"]
[EventDate "2015.10.02"]
[EventType "team"]
[EventRounds "11"]
[EventCountry "AUT"]
[WhiteTeam "Schachfreunde Graz"]
[BlackTeam "RbEJ Gleisdorf"]

1. d4 f5 2. c4 Nf6 3. Nc3 g6 4. Nf3 Bg7 5. Bf4 O-O 6. e3 d6 7. c5 c6 8. Bc4+ d5
9. Be2 h6 10. h4 Nbd7 11. Ne5 Nxe5 12. Bxe5 Ne4 13. Nxe4 fxe4 14. Bxg7 Kxg7 15.
f4 exf3 16. gxf3 Bf5 17. f4 e6 18. Bf3 Kh7 19. Qd2 Rf7 20. Qc3 b6 21. Rc1 Rb8
22. b3 Rc7 23. Be2 b5 24. Bd3 Qf6 25. Kd2 b4 26. Qc2 Rg8 27. Rcg1 Rcg7 28. Rg5
Kh8 29. Qd1 Rh7 30. Rg3 Rhg7 31. Qe2 a5 32. Rg5 1/2-1/2

[Event "2. BUNDESLIGA MITTE"]
[Site "Steyregg, Fuerstenfeld/Sauwald/Villach, St. Veit/Glan, Graz"]
[Date "2015.11.15"]
[Round "5"]
[Board "2"]
[White "Wegerer, Fred"]
[Black "Schnider, Gert"]
[Result "0-1"]
[WhiteElo "2128"]
[BlackElo "2333"]
[PlyCount "98"]
[EventDate "2015.10.02"]
[EventType "team"]
[EventRounds "11"]
[EventCountry "AUT"]
[WhiteTeam "RbEJ Gleisdorf"]
[BlackTeam "Schachfreunde Graz"]

1. e4 e5 2. Nf3 Nc6 3. Bb5 a6 4. Ba4 Nf6 5. d3 b5 6. Bb3 Be7 7. c3 O-O 8. Nbd2
d5 9. O-O Bb7 10. Re1 Re8 11. a3 Bf8 12. Qe2 h6 13. h3 Qd7 14. Nh2 Rad8 15. Qf3
Na5 16. Ba2 c5 17. b4 Nc6 18. bxc5 Bxc5 19. exd5 Nxd5 20. Ne4 Be7 21. Ng4 Qe6
22. Ne3 Nb8 23. Nf5 Qg6 24. Nxe7+ Rxe7 25. Bd2 Kf8 26. c4 bxc4 27. Bxc4 Nf6 28.
Ba5 Rc8 29. Rab1 Nxe4 30. Rxb7 Rxb7 31. Rxe4 Nc6 32. Rg4 Qf6 33. Qd5 Nxa5 34.
Qxa5 Rb2 35. f3 Kg8 36. Kh2 h5 37. Rg3 Rc6 38. Qd5 Rd6 39. Qa8+ Kh7 40. Qe4+ g6
41. Qe3 Rb7 42. Rg5 Re7 43. h4 Rd4 44. g3 Qd6 45. Bxf7 Rxf7 46. Rxe5 Rxd3 47.
Qe4 Rd4 48. Qe3 Rd2+ 49. Kh3 Qd7+ 0-1

[Event "2. BUNDESLIGA MITTE"]
[Site "Steyregg, Fuerstenfeld/Sauwald/Villach, St. Veit/Glan, Graz"]
[Date "2015.11.15"]
[Round "5"]
[Board "3"]
[White "Jusic, Zdenko"]
[Black "Watzka, Horst"]
[Result "1-0"]
[WhiteElo "2258"]
[BlackElo "2236"]
[PlyCount "81"]
[EventDate "2015.10.02"]
[EventType "team"]
[EventRounds "11"]
[EventCountry "AUT"]
[WhiteTeam "Schachfreunde Graz"]
[BlackTeam "RbEJ Gleisdorf"]

1. e4 e5 2. Nf3 Nc6 3. Bb5 a6 4. Ba4 Nf6 5. O-O Be7 6. Re1 b5 7. Bb3 O-O 8. a4
b4 9. d4 d6 10. c3 bxc3 11. bxc3 Bg4 12. Be3 Rb8 13. Nbd2 d5 14. exd5 exd4 15.
cxd4 Nxd5 16. Rc1 Ncb4 17. h3 Bh5 18. Ne4 c6 19. Bc4 Re8 20. Bd2 a5 21. g4 Bg6
22. Ne5 Rc8 23. Qb3 Qb6 24. Rcd1 Rcd8 25. Bc1 Bf8 26. Nxg6 hxg6 27. Bg5 Rb8 28.
Re2 Qa7 29. Qf3 Be7 30. Rde1 Bxg5 31. Nxg5 Rxe2 32. Rxe2 Rf8 33. Re4 Nf6 34.
Rf4 Nbd5 35. Bxd5 cxd5 36. h4 Qb7 37. h5 Qb1+ 38. Kg2 gxh5 39. gxh5 Re8 40.
Rxf6 gxf6 41. Qxf6 1-0

[Event "2. BUNDESLIGA MITTE"]
[Site "Steyregg, Fuerstenfeld/Sauwald/Villach, St. Veit/Glan, Graz"]
[Date "2015.11.15"]
[Round "5"]
[Board "4"]
[White "Sandner, Wolfgang"]
[Black "Domarkaite, Laima"]
[Result "1-0"]
[WhiteElo "2252"]
[BlackElo "2142"]
[PlyCount "133"]
[EventDate "2015.10.02"]
[EventType "team"]
[EventRounds "11"]
[EventCountry "AUT"]
[WhiteTeam "RbEJ Gleisdorf"]
[BlackTeam "Schachfreunde Graz"]

1. e4 c5 2. Nf3 d6 3. c3 Nf6 4. h3 Bd7 5. Bd3 g6 6. O-O Bg7 7. Bc2 O-O 8. d4
cxd4 9. cxd4 Bb5 10. Re1 a5 11. Nc3 Ba6 12. Bd3 Bxd3 13. Qxd3 Nc6 14. a3 Nd7
15. Be3 Nb6 16. Qb5 Ra6 17. Rac1 h6 18. d5 Nb8 19. Bd4 N8d7 20. Bxg7 Kxg7 21.
Nd4 a4 22. Nc6 Qa8 23. Nd4 Ra5 24. Qe2 Rc5 25. f4 Qa5 26. b4 axb3 27. Nxb3 Qxa3
28. Nxc5 Qxc5+ 29. Kh1 Qd4 30. Nb5 Qf6 31. Qd2 Ra8 32. Rf1 Ra4 33. Qe2 Rb4 34.
Nc3 Rc4 35. Qe3 h5 36. Ne2 Rb4 37. Rb1 Rxb1 38. Rxb1 Nc4 39. Qd3 Ndb6 40. Qd4
Qxd4 41. Nxd4 f5 42. exf5 Nxd5 43. Rxb7 gxf5 44. g3 Kf6 45. Rb8 e5 46. Ne2 Nd2
47. Rf8+ Ke6 48. Re8+ Kf7 49. Rh8 Nf6 50. Kg2 Ke6 51. Ng1 e4 52. Ne2 Nf3 53.
Kf2 Kf7 54. Ra8 Nd7 55. Ke3 Nb6 56. Ra7+ Kf6 57. Kf2 h4 58. Ra6 hxg3+ 59. Nxg3
Nc4 60. Rc6 Nfd2 61. Ke2 Kg6 62. h4 Kf6 63. h5 e3 64. Rc7 d5 65. h6 Nb1 66. h7
Nc3+ 67. Ke1 1-0